NBA 1990s All-Stars by Team - Statistics

General Stats
  • This quiz has been taken 600 times
  • The average score is 21 of 27
Answer Stats
Team Players % Correct
Bulls Michael Jordan | Scottie Pippen | B. J. Armstrong | Horace Grant
96%
Lakers Magic Johnson | James Worthy | A.C. Green | Cedric Ceballos | Eddie Jones | Shaquille O'Neal | Kobe Bryant | Nick Van Exel
94%
Jazz John Stockton | Karl Malone
93%
Celtics Larry Bird | Robert Parish | Kevin McHale | Reggie Lewis | Antoine Walker
93%
Magic Shaquille O'Neal | Penny Hardaway
93%
Knicks Patrick Ewing | Charles Oakley | John Starks
92%
Spurs David Robinson | Sean Elliott | Tim Duncan
91%
Rockets Hakeem Olajuwon | Otis Thorpe | Clyde Drexler | Charles Barkley
91%
Hawks Dominique Wilkins | Kevin Willis | Mookie Blaylock | Christian Laettner | Dikembe Mutombo | Steve Smith
90%
Pistons Isiah Thomas | Joe Dumars | Dennis Rodman | Grant Hill
89%
Pacers Reggie Miller | Detlef Schrempf | Rik Smits
89%
SuperSonics Shawn Kemp | Gary Payton | Detlef Schrempf | Vin Baker
89%
Heat Alonzo Mourning | Tim Hardaway
88%
Suns Tom Chambers | Kevin Johnson | Jeff Hornacek | Dan Majerle | Charles Barkley | Jason Kidd
88%
76ers Charles Barkley | Hersey Hawkins | Dana Barros
87%
Timberwolves Kevin Garnett | Tom Gugliotta
87%
Trail Blazers Clyde Drexler | Kevin Duckworth | Terry Porter | Cliff Robinson
85%
Hornets Larry Johnson | Alonzo Mourning | Glen Rice
83%
Cavaliers Brad Daugherty | Mark Price | Larry Nance | Tyrone Hill | Terrell Brandon | Shawn Kemp
82%
Warriors Chris Mullin | Tim Hardaway | Latrell Sprewell
79%
Mavericks Rolando Blackman | Jason Kidd | Chris Gatling
69%
Nuggets Fat Lever | Dikembe Mutombo
64%
Nets Kenny Anderson | Derrick Coleman | Jayson Williams
50%
Kings Mitch Richmond
48%
Bullets / Wizards Bernard King | Michael Adams | Juwan Howard | Chris Webber
39%
Bucks Ricky Pierce | Alvin Robertson | Vin Baker
34%
Clippers Danny Manning
28%
No matching quizzes found
Score Distribution
Percent of People with Each Score
Percentile by Number Answered
Your Score History
You have not taken this quiz